Cerámicas y vidrios: colección Museo Regional de Rancagua

Uloženo v:
Podrobná bibliografie
Hlavní autoři: Henríquez Urzúa, Mario (Autor), Reyes Alvarez, Verónica (Autor), Popovic Silva, María Virginia (Autor), Alamos Cardemil, Ignacio (Autor)
Médium: Kniha
Jazyk:španělština
Vydáno: Valparaíso Consejo Nacional de la Cultura y las Artes 2013
Vydání:1a. ed
Témata:
Tagy: Přidat tag
Žádné tagy, Buďte první, kdo vytvoří štítek k tomuto záznamu!

MARC

LEADER 00000cam a2200000 a 4500
001 UCD5592
003 CL-VaPUC
008 160922e20130000cl |||||||||||||||||spa|d
020 |a 9789563518597 
082 0 4 |a 700  |b HEN  |2 21 
100 0 |a Henríquez Urzúa, Mario  |e author  |9 589393 
700 0 |a Reyes Alvarez, Verónica  |e author  |9 589394 
700 0 |a Popovic Silva, María Virginia  |e author  |9 589395 
700 0 |a Alamos Cardemil, Ignacio  |e author  |9 589396 
245 1 0 |a Cerámicas y vidrios: colección Museo Regional de Rancagua 
250 |a 1a. ed 
300 |a 150 p 
942 |c BK 
945 |d 20160922 22:24:00  |a dcastane 
260 |a Valparaíso  |b Consejo Nacional de la Cultura y las Artes  |c 2013 
650 0 |a Arte  |9 265238 
650 7 |a CERAMICA ARTISTICA  |2 CL-VaPUC  |9 564437 
650 0 |a Museos  |9 269209 
583 |a last modification  |c 20160922 22:24:00  |k Rodrigo Vera 
999 |c 366245  |d 366243 
952 |0 0  |1 0  |3 erb  |4 0  |6 700_000000000000000_HEN_2013  |7 0  |8 C  |9 480327  |a BIBCUR  |b BIBCUR  |i 5342619  |o 700 HEN 2013  |p 5342619  |r 2025-04-22  |w 2019-11-24  |y BK  |z Catalogado en:20160922  |k EXP